|
|
|
|
| LEADER |
00000nam a22000007a 4500 |
| 005 |
20200109205043.0 |
| 007 |
cr|||| |||| |
| 008 |
200109s2019 mx |||||s|||| 00||0 spa d |
| 020 |
|
|
|a 978-607-30-2119-7
|
| 035 |
|
|
|a 30908
|
| 040 |
|
|
|a vLex
|
| 090 |
|
|
|c 10088
|d 10088
|
| 100 |
1 |
|
|a Ibarra Sarlat, Rosala̕
|
| 245 |
1 |
0 |
|a Cambio climt̀ico y gobernanza
|h [Recurso electrn̤ico] :
|b Una visin̤ transdisciplinaria /
|c Rosala̕ Ibarra Sarlat
|
| 256 |
|
|
|a Servicio en ln̕ea
|
| 260 |
|
|
|a Ciudad de Mx̌ico:
|b Instituto de Investigaciones Jurd̕icas (IIJ) de la UNAM,
|c 2019
|
| 300 |
|
|
|a 1 recurso electrn̤ico
|
| 506 |
1 |
|
|a Disponible solo en los productos indicados
|d vLex Global
|d vLex Global (Academic Edition, excluding Law Schools)
|d vLex Global (U.S. Academic Edition, Law Schools)
|d vLex Global (U.S. Academic Edition, excluding Law Schools)
|d vLex Global (Academic Edition, Law Schools)
|
| 650 |
0 |
4 |
|a Derecho Pb︢lico y Administrativo
|z Mx̌ico
|
| 740 |
0 |
|
|a vLex Libros (Servicio en ln̕ea)
|
| 856 |
4 |
0 |
|u http://vlex.com/source/cambio-climatico-gobernanza-30908
|z Acceso restringido
|
| 942 |
|
|
|c BOOK
|
| 999 |
0 |
|
|a Public and Administrative Law
|